Komparácia verejného a súkromného sektora pri poskytovaní vybraného kolektívneho statku bakalárska práca

Gespeichert in:
Bibliographische Detailangaben
1. Verfasser: Džačovská, Zuzana
Körperschaften: Národohospodárska fakulta EU. Katedra ekonómie, Univerzita Komenského v Bratislave. Právnická fakulta
Weitere Verfasser: Sirakovová, Eva, 1994-
Format: Buch
Sprache:Slowakisch
Veröffentlicht: Bratislava 2023
Tags: Tag hinzufügen
Keine Tags, Fügen Sie das erste Tag hinzu!

MARC

LEADER 00000nbm a2200000 4500
001 0294546
005 20231201130337.1
041 0 |a slo 
044 |a SK 
245 1 0 |a Komparácia verejného a súkromného sektora pri poskytovaní vybraného kolektívneho statku  |b bakalárska práca  |c Zuzana Džačovská ; školiteľ: Eva Sirakovová 
264 1 |a Bratislava  |c 2023 
300 |a 52 s. 
100 1 |a Džačovská, Zuzana 
700 1 |a Sirakovová, Eva, 1994- 
710 2 |a Národohospodárska fakulta EU. Katedra ekonómie 
710 2 |a Univerzita Komenského v Bratislave. Právnická fakulta